000 00533nam a22002057a 4500
003 OSt
005 20140310182951.0
008 130206t xxu||||| |||| 00| 0 eng d
020 _a9712323013
050 _aLB 2369
_b.Sa26 2002
100 _aSanchez, C.A.
245 _aMethods and techniques of research /
_cCustodiosa Ancheta Sanchez.
260 _aManila :
_bRex Book Store,
_c2002.
300 _a263 p. :
_b ill. ;
_c23 cm.
521 _aEDU
562 _e2
942 _2lcc
_cBK
_kLOC
999 _c17906
_d17906